| 000 | 00000nam 2200000za 4500 |
| 001 | 9.846642 |
| 003 | CaOODSP |
| 005 | 20221107153243 |
| 007 | cr ||||||||||| |
| 008 | 171106s1949 oncd os f000 0 eng d |
| 040 | |aCaOODSP|beng |
| 043 | |an-cn--- |
| 086 | 1 |aCS23-D/50-1949E-PDF |
| 245 | 00|aFluid milk trade in the principal markets of Canada, 1945, 1946 and 1947 |h[electronic resource]. |
| 260 | |aOttawa : |bDominion Bureau of Statistics, |c1949. |
| 300 | |a87 p. : |bcharts |
| 490 | 1 |aD.B.S. reference papers, 1949 ; |vno. 3 |
| 500 | |aCaption title. |
| 500 | |a"May 18, 1949." |
| 500 | |a"Prepared in Agriculture Division." |
| 500 | |aChiefly tables. |
| 500 | |aDigitized edition from print [produced by Statistics Canada]. |
| 530 | |aIssued also in print format. |
| 692 | 07|2gccst|aMilk |
| 692 | 07|2gccst|aDomestic trade |
| 692 | 07|2gccst|aStatistics |
| 710 | 1 |aCanada. |bDominion Bureau of Statistics. |bAgriculture Division. |
| 795 | |tMonthly statistics of the fluid milk trade in the principal markets of Canada, 1943 and 1944 |w(CaOODSP)9.852117 |
| 830 | #0|aD.B.S. reference papers ;|vno. 3|w(CaOODSP)9.812168 |
| 856 | 40|qPDF|s21.16 MB|uhttps://publications.gc.ca/collections/collection_2017/statcan/CS23-D-50-1949-eng.pdf |
| 986 | |a23-D-50 |